<?xml version="1.0" encoding="UTF-8"?>
<record
    xmlns:xsi="http://www.w3.org/2001/XMLSchema-instance"
    xsi:schemaLocation="http://www.loc.gov/MARC21/slim http://www.loc.gov/standards/marcxml/schema/MARC21slim.xsd"
    xmlns="http://www.loc.gov/MARC21/slim">

  <leader>01089nam a2200205 a 4500</leader>
  <controlfield tag="008">190531r19992003a  ||||gr|||| 001 f sp  d</controlfield>
  <datafield tag="020" ind1=" " ind2=" ">
    <subfield code="a">9505114761</subfield>
  </datafield>
  <datafield tag="041" ind1=" " ind2=" ">
    <subfield code="a">spa</subfield>
  </datafield>
  <datafield tag="092" ind1=" " ind2=" ">
    <subfield code="c">808</subfield>
    <subfield code="l">75</subfield>
    <subfield code="s">ROL</subfield>
  </datafield>
  <datafield tag="100" ind1="1" ind2=" ">
    <subfield code="a">Rold&#xE1;n, Elisa</subfield>
    <subfield code="9">4021</subfield>
  </datafield>
  <datafield tag="245" ind1=" " ind2=" ">
    <subfield code="a">Heredera de un secreto /</subfield>
    <subfield code="c">Elisa Rold&#xE1;n.</subfield>
  </datafield>
  <datafield tag="250" ind1=" " ind2=" ">
    <subfield code="a">1a ed. 5a. reimp.</subfield>
    <subfield code="b">Il. Patricia Garc&#xED;a Silva.</subfield>
  </datafield>
  <datafield tag="260" ind1=" " ind2=" ">
    <subfield code="a">Buenos Aires: </subfield>
    <subfield code="b">Alfaguara;</subfield>
    <subfield code="c">2003.</subfield>
  </datafield>
  <datafield tag="300" ind1=" " ind2=" ">
    <subfield code="a">175 p.</subfield>
  </datafield>
  <datafield tag="500" ind1=" " ind2=" ">
    <subfield code="a">Rold&#xE1;n, E. (2003). Heredera de un secreto. (1a ed.). Buenos Aires : Alfaguara.</subfield>
  </datafield>
  <datafield tag="505" ind1=" " ind2=" ">
    <subfield code="a">Una familia, que hereda una antigua casona en el barrio de Flores, se instala con una intenci&#xF3;n de reciclarla. Cuando los padres viajan a Ushuaia y las tres hijas se quedan solas, comienzan a suceder cosas extra&#xF1;as en la casa. Carolina, una de las chicas, con su mente imaginativa y fabuladora, es testigo de raros acontecimientos. Entonces pone en marcha una investigaci&#xF3;n que la convertir&#xE1; en la genuina heredera de un secreto. </subfield>
  </datafield>
  <datafield tag="590" ind1=" " ind2=" ">
    <subfield code="a">Proyecto 4to libro. Donaci&#xF3;n Julia Cabanne, mayo 2019.</subfield>
  </datafield>
  <datafield tag="655" ind1=" " ind2=" ">
    <subfield code="a">Literatura</subfield>
    <subfield code="9">2917</subfield>
  </datafield>
  <datafield tag="942" ind1=" " ind2=" ">
    <subfield code="2">ddc</subfield>
    <subfield code="c">LIT</subfield>
  </datafield>
  <datafield tag="999" ind1=" " ind2=" ">
    <subfield code="c">3002</subfield>
    <subfield code="d">3002</subfield>
  </datafield>
  <datafield tag="952" ind1=" " ind2=" ">
    <subfield code="0">0</subfield>
    <subfield code="1">0</subfield>
    <subfield code="2">ddc</subfield>
    <subfield code="4">0</subfield>
    <subfield code="7">0</subfield>
    <subfield code="a">BFM</subfield>
    <subfield code="b">BFM</subfield>
    <subfield code="c">CR</subfield>
    <subfield code="d">2019-05-31</subfield>
    <subfield code="e">Donaci&#xF3;n Cabanne, Julia. Mayo 2019</subfield>
    <subfield code="l">0</subfield>
    <subfield code="o">808 75 ROL</subfield>
    <subfield code="p">4439</subfield>
    <subfield code="r">2019-05-31</subfield>
    <subfield code="w">2019-05-31</subfield>
    <subfield code="y">LIT</subfield>
    <subfield code="z">Proyecto 4to libro. Donaci&#xF3;n Cabanne, Julia. Mayo 2019</subfield>
  </datafield>
</record>
